[Event "42nd Olympiad 2016"]
[Site "Baku AZE"]
[Date "2016.09.09"]
[Round "7.24"]
[Board "1"]
[White "Ftacnik, Lubomir"]
[Black "Berend, Fred"]
[Result "1-0"]
[WhiteTitle "GM"]
[BlackTitle "IM"]
[WhiteElo "2548"]
[BlackElo "2328"]
[WhiteTeam "Slovakia"]
[BlackTeam "Luxembourg"]
[WhiteFideId "14900017"]
[BlackFideId "4000102"]
[EventDate "2016.09.02"]

1. d4 Nf6 2. Nf3 g6 3. c4 Bg7 4. Nc3 O-O 5. e4 d6 6. Be2 e5 7. O-O Nc6 8. d5 Ne7
9. Ne1 Nd7 10. Nd3 f5 11. f3 f4 12. b4 g5 13. c5 Rf7 14. Bd2 Bf8 15. cxd6 cxd6
16. Rc1 Nf6 17. Nf2 h5 18. a4 Rg7 19. h3 Kh8 20. Nb5 Ne8 21. Rc3 a6 22. Na3 Bd7
23. Qb3 Rc8 24. b5 Rxc3 25. Bxc3 Ng8 26. bxa6 bxa6 27. Nc4 Nef6 28. Ba5 Qe7 29.
Bb4 Ne8 30. Nd3 g4 31. fxg4 hxg4 32. hxg4 Ngf6 33. Ncxe5 Nxe4 34. Rxf4 N8f6 35.
Nxd7 Qxd7 36. Nf2 Qa7 37. Qf3 Rf7 38. Be1 Bh6 39. Rxe4 Nxe4 40. Qxe4 Be3 41.
Bc3+ Kg8 42. Qe8+ Kh7 43. Qh8+ 1-0

[Event "42nd Olympiad 2016"]
[Site "Baku AZE"]
[Date "2016.09.09"]
[Round "7.24"]
[Board "2"]
[White "Wagener, Claude"]
[Black "Pacher, Milan"]
[Result "0-1"]
[WhiteTitle "FM"]
[BlackTitle "GM"]
[WhiteElo "2295"]
[BlackElo "2499"]
[WhiteTeam "Luxembourg"]
[BlackTeam "Slovakia"]
[WhiteFideId "4000471"]
[BlackFideId "14907445"]
[EventDate "2016.09.02"]

1. e4 c6 2. d4 d5 3. Nc3 dxe4 4. Nxe4 Bf5 5. Ng3 Bg6 6. Nh3 e5 7. dxe5 Qa5+ 8.
c3 Qxe5+ 9. Be2 Nd7 10. O-O Qc7 11. Bf4 Qb6 12. Re1 O-O-O 13. b4 Ngf6 14. a4 Ne5
15. Bxe5 Rxd1 16. Raxd1 Bxb4 17. cxb4 Qxb4 18. Nf4 Rd8 19. Rxd8+ Kxd8 20. Rd1+
Ke8 21. Bc7 Qxa4 22. h4 b5 23. Ngh5 Nxh5 24. Nxh5 b4 25. Nxg7+ Kf8 26. Be5 f6
27. Bxf6 Qc2 28. Bg4 b3 29. Rd7 Qc1+ 30. Rd1 b2 31. Ne6+ Ke8 32. Bxb2 Qxb2 33.
Nc7+ Ke7 34. Rd7+ Kf6 35. Rd6+ Ke5 36. Rxc6 Be4 37. Rc4 Qa1+ 38. Kh2 Qf1 0-1

[Event "42nd Olympiad 2016"]
[Site "Baku AZE"]
[Date "2016.09.09"]
[Round "7.24"]
[Board "3"]
[White "Repka, Christopher"]
[Black "Linster, Philippe"]
[Result "1-0"]
[WhiteTitle "IM"]
[WhiteElo "2486"]
[BlackElo "2233"]
[WhiteTeam "Slovakia"]
[BlackTeam "Luxembourg"]
[WhiteFideId "14918781"]
[BlackFideId "4001206"]
[EventDate "2016.09.02"]

1. d4 Nf6 2. Nf3 e6 3. c4 b6 4. a3 Bb7 5. Nc3 g6 6. Qc2 Bxf3 7. gxf3 c5 8. d5
exd5 9. Bg5 Be7 10. cxd5 d6 11. e4 O-O 12. f4 Nbd7 13. O-O-O Nh5 14. Bh6 Ng7 15.
h4 f5 16. h5 Nxh5 17. exf5 Rxf5 18. Bd3 Rxf4 19. Rxh5 Rg4 20. f3 Rg3 21. Qh2
Rxf3 22. Qg2 Ne5 23. Rxe5 Rxd3 24. Rxd3 dxe5 25. d6 1-0

[Event "42nd Olympiad 2016"]
[Site "Baku AZE"]
[Date "2016.09.09"]
[Round "7.24"]
[Board "4"]
[White "Mertens, Marc"]
[Black "Jurcik, Marian"]
[Result "0-1"]
[BlackTitle "IM"]
[WhiteElo "2181"]
[BlackElo "2484"]
[WhiteTeam "Luxembourg"]
[BlackTeam "Slovakia"]
[WhiteFideId "4000501"]
[BlackFideId "14907518"]
[EventDate "2016.09.02"]

1. e4 c5 2. Nf3 Nc6 3. d4 cxd4 4. Nxd4 g6 5. c4 Nf6 6. Nc3 d6 7. Nc2 Bg7 8. Be2
O-O 9. O-O Nd7 10. Bd2 a5 11. Na3 Nd4 12. Be3 Nxe2+ 13. Qxe2 b6 14. Nab5 Nc5 15.
Rfd1 Bd7 16. Bg5 Ne6 17. Be3 Bxb5 18. Nxb5 Qb8 19. Rab1 Qb7 20. f3 a4 21. Qf2
Rfc8 22. b3 axb3 23. axb3 Ra6 24. Rd2 Rca8 25. g3 Bf6 26. h4 Be5 27. Nd4 Nc5 28.
b4 Nd7 29. Kg2 Ra4 30. Rc2 Bg7 31. Ne2 Ra3 32. Nf4 e6 33. h5 g5 34. Ne2 g4 35.
Rd2 Ne5 0-1

[Event "42nd Olympiad 2016"]
[Site "Baku AZE"]
[Date "2016.09.09"]
[Round "7.25"]
[Board "1"]
[White "Hossain, Enamul"]
[Black "Ivanisevic, Ivan"]
[Result "1-0"]
[WhiteTitle "GM"]
[BlackTitle "GM"]
[WhiteElo "2431"]
[BlackElo "2650"]
[WhiteTeam "Bangladesh"]
[BlackTeam "Serbia"]
[WhiteFideId "10200649"]
[BlackFideId "912417"]
[EventDate "2016.09.02"]

1. e4 e5 2. Nf3 Nc6 3. Bb5 Nge7 4. c3 a6 5. Ba4 g6 6. d4 exd4 7. cxd4 b5 8. Bb3
Bg7 9. d5 Na5 10. Bc2 O-O 11. O-O d6 12. Nc3 Nc4 13. Bb3 Bg4 14. h3 Bxf3 15.
Qxf3 f5 16. Bxc4 bxc4 17. Bg5 h6 18. Bxe7 Qxe7 19. exf5 Qh4 20. Rae1 gxf5 21.
Re6 Be5 22. Ne2 Rf7 23. b3 Rg7 24. Rc1 cxb3 25. axb3 Rf8 26. Rc4 f4 27. Kf1 Qg5
28. Nc1 Rb8 29. b4 a5 30. bxa5 Rb1 31. Re8+ Kh7 32. Qe4+ Qg6 33. Qxg6+ Kxg6 34.
Ke2 f3+ 35. gxf3 Ra1 36. Nd3 Ra2+ 37. Ke3 Bf6 38. Re6 Rf7 39. a6 Rxa6 40. Ne5+
dxe5 41. Rxa6 Kf5 42. f4 Re7 43. Re6 Rxe6 44. dxe6 exf4+ 45. Kf3 Kxe6 46. Rxc7
Kf5 47. Rc5+ Be5 48. Rb5 Kf6 49. Kg4 f3 50. Kxf3 Bd4 51. Ke4 Bc3 52. Rb6+ Kg5
53. f4+ Kh5 54. f5 Bd2 55. Rg6 Kh4 56. f6 h5 57. f7 Bb4 58. Rh6 1-0

[Event "42nd Olympiad 2016"]
[Site "Baku AZE"]
[Date "2016.09.09"]
[Round "7.25"]
[Board "2"]
[White "Markus, Robert"]
[Black "Rahman, Ziaur"]
[Result "1-0"]
[WhiteTitle "GM"]
[BlackTitle "GM"]
[WhiteElo "2662"]
[BlackElo "2512"]
[WhiteTeam "Serbia"]
[BlackTeam "Bangladesh"]
[WhiteFideId "921637"]
[BlackFideId "10200037"]
[EventDate "2016.09.02"]

1. d4 d5 2. c4 e6 3. Nf3 Nf6 4. e3 Be7 5. b3 Nbd7 6. Bd3 b6 7. O-O Bb7 8. Nc3
O-O 9. Bb2 c5 10. cxd5 Nxd5 11. Nxd5 Bxd5 12. Rc1 Rc8 13. Qe2 cxd4 14. Nxd4 Nc5
15. Bc4 Bxc4 16. Rxc4 Qd7 17. Rfc1 e5 18. Nf3 f6 19. Ba3 a5 20. Bxc5 Bxc5 21. g3
Rcd8 22. R4c2 Qg4 23. Qc4+ Qxc4 24. Rxc4 Ba3 25. R1c2 Rd1+ 26. Kg2 Bc5 27. g4
Rfd8 28. Ng1 Kf7 29. Ne2 R1d2 30. Kf3 g6 31. Ng3 Rxc2 32. Rxc2 Be7 33. Rc6 Rd2
34. a4 Rd6 35. Rc3 Rd5 36. Ke2 Rd7 37. Rc6 Rb7 38. Ne4 b5 39. Rxf6+ Ke8 40. axb5
Rxb5 41. Ra6 Kf7 42. Nd2 Bb4 43. Ra7+ Ke6 44. Nc4 h6 45. Kf3 h5 46. gxh5 gxh5
47. Ke4 Bc3 48. Ra6+ Ke7 49. Nb6 Be1 50. Nd5+ Kd7 51. f3 Rxb3 52. Kxe5 Rb2 53.
Ra7+ Kc8 54. Ne7+ Kd8 55. Nc6+ Kc8 56. h3 Rb7 57. Ra8+ Kc7 58. Nd4 Kb6 59. Ke4
Re7+ 60. Kd3 Kb7 61. Rd8 a4 62. Nc2 Bg3 63. Rd4 Rf7 64. f4 Kc6 65. Rxa4 h4 66.
Nd4+ Kc5 67. Ra5+ Kb4 68. Rb5+ Ka4 69. Rh5 Kb4 70. Nf5 Rd7+ 71. Ke4 Be1 72. Nxh4
Bxh4 73. Rxh4 Kc3 74. f5 1-0

[Event "42nd Olympiad 2016"]
[Site "Baku AZE"]
[Date "2016.09.09"]
[Round "7.25"]
[Board "3"]
[White "Mohammad, Minhaz Uddin"]
[Black "Indjic, Aleksandar"]
[Result "0-1"]
[WhiteTitle "IM"]
[BlackTitle "GM"]
[WhiteElo "2413"]
[BlackElo "2548"]
[WhiteTeam "Bangladesh"]
[BlackTeam "Serbia"]
[WhiteFideId "10201955"]
[BlackFideId "911925"]
[EventDate "2016.09.02"]

1. e4 c5 2. Nf3 d6 3. Bb5+ Nd7 4. O-O Nf6 5. Re1 a6 6. Bf1 b6 7. d4 cxd4 8. Nxd4
Bb7 9. f3 e6 10. c4 Be7 11. Nc3 Rc8 12. Be3 O-O 13. Rc1 h5 14. Bf2 Ne5 15. b3
Ng6 16. g3 Re8 17. Bh3 Bf8 18. Be3 h4 19. Bf2 Rc5 20. Bg2 hxg3 21. hxg3 Rh5 22.
Nc2 b5 23. cxb5 axb5 24. Qe2 d5 25. exd5 b4 26. Ne4 Nxd5 27. f4 Rh6 28. Qd2 Qa8
29. Bc5 Ndxf4 30. Bxf8 Nxg2 31. Bxg7 Kxg7 32. Nd6 Nxe1 0-1

[Event "42nd Olympiad 2016"]
[Site "Baku AZE"]
[Date "2016.09.09"]
[Round "7.25"]
[Board "4"]
[White "Markovic, Miroslav"]
[Black "Murshed, Niaz"]
[Result "1-0"]
[WhiteTitle "GM"]
[BlackTitle "GM"]
[WhiteElo "2459"]
[BlackElo "2439"]
[WhiteTeam "Serbia"]
[BlackTeam "Bangladesh"]
[WhiteFideId "901504"]
[BlackFideId "10200010"]
[EventDate "2016.09.02"]

1. e4 e6 2. Qe2 c5 3. Nf3 Nc6 4. g3 d6 5. Bg2 Be7 6. O-O Nf6 7. c3 O-O 8. Re1 b6
9. d4 cxd4 10. Nxd4 Nxd4 11. cxd4 d5 12. e5 Ne8 13. Nc3 a5 14. a4 Bb4 15. Rd1
Nc7 16. h4 Ba6 17. Qg4 Kh8 18. Bg5 Qd7 19. Qf3 Rac8 20. Qe3 Be7 21. b3 Bb4 22.
Rac1 b5 23. h5 Be7 24. h6 g6 25. Bf1 bxa4 26. Nxa4 Qd8 27. Bxe7 Qxe7 28. Rxc7
Qxc7 29. Bxa6 Qc2 30. Re1 Rb8 31. Nc5 Rb4 32. Rc1 Qf5 33. Be2 g5 34. Kg2 Rfb8
35. Na6 1-0

[Event "42nd Olympiad 2016"]
[Site "Baku AZE"]
[Date "2016.09.09"]
[Round "7.27"]
[Board "1"]
[White "Bologan, Victor"]
[Black "Salem, A.R. Saleh"]
[Result "1/2-1/2"]
[WhiteTitle "GM"]
[BlackTitle "GM"]
[WhiteElo "2648"]
[BlackElo "2628"]
[WhiteTeam "Moldova"]
[BlackTeam "United Arab Emirates"]
[WhiteFideId "13900048"]
[BlackFideId "9301348"]
[EventDate "2016.09.02"]

1. e4 c6 2. d4 d5 3. Nc3 dxe4 4. Nxe4 Nf6 5. Nxf6+ exf6 6. Nf3 Bd6 7. Be2 O-O 8.
O-O Qc7 9. h3 Be6 10. c4 Qd7 11. Re1 Na6 12. Bf1 Rfe8 13. a3 Nc7 14. Bd2 b5 15.
b3 Bf5 16. Re3 Be4 17. Bd3 Bg6 18. Qc2 Bf8 19. Bxg6 hxg6 20. Rxe8 Rxe8 21. a4
bxc4 22. Qxc4 Nd5 23. Rc1 Re6 24. h4 Bd6 25. g3 Bc7 26. Re1 Rxe1+ 27. Nxe1 Qg4
28. Kf1 Ne7 29. Qe2 Qh3+ 30. Kg1 Nf5 31. Qe4 Kh7 32. Bf4 Bxf4 33. Qxf4 Ne7 34.
Qd6 Nf5 35. Qf4 Ne7 36. Qe4 Nd5 37. Ng2 Qd7 38. Nf4 Nxf4 39. Qxf4 Qd5 40. Qe3 g5
41. Qd3+ Kh6 42. Qe3 Kg6 43. hxg5 fxg5 44. Kf1 f5 45. Ke2 Kf6 46. f3 Qd6 47. Qc3
Qxg3 48. Qxc6+ Kf7 49. Qd7+ Kf6 50. Qc6+ Kf7 51. Qd7+ 1/2-1/2

[Event "42nd Olympiad 2016"]
[Site "Baku AZE"]
[Date "2016.09.09"]
[Round "7.27"]
[Board "2"]
[White "Omar, Noaman"]
[Black "Iordachescu, Viorel"]
[Result "0-1"]
[WhiteTitle "IM"]
[BlackTitle "GM"]
[WhiteElo "2377"]
[BlackElo "2584"]
[WhiteTeam "United Arab Emirates"]
[BlackTeam "Moldova"]
[WhiteFideId "9300244"]
[BlackFideId "13900200"]
[EventDate "2016.09.02"]

1. d4 Nf6 2. Nc3 d5 3. Bf4 Bf5 4. f3 e6 5. g4 Bg6 6. h4 h6 7. e3 a6 8. Bd3 Bxd3
9. cxd3 Nbd7 10. Nge2 c5 11. dxc5 Bxc5 12. d4 Be7 13. Kf2 Rc8 14. Rc1 b5 15. Bg3
Nb6 16. Qd3 Nfd7 17. Nf4 Bd6 18. Nce2 Rxc1 19. Rxc1 O-O 20. b3 Re8 21. h5 Bb8
22. Rc2 Qe7 23. Ng2 Bxg3+ 24. Nxg3 Qd6 25. Nf4 Rc8 26. Rxc8+ Nxc8 27. Qc2 Ne7
28. Nge2 Nc6 29. Nc1 Nxd4 30. Qc8+ Nf8 31. exd4 Qxf4 32. Ne2 Qd6 33. a4 bxa4 34.
bxa4 a5 35. Qc5 Qd8 36. Nc1 Nh7 37. Kg2 f5 38. Nd3 fxg4 39. fxg4 Nf6 40. Ne5 Ne4
41. Qc6 Qf6 42. Qe8+ Kh7 43. Qg6+ Qxg6 44. hxg6+ Kg8 45. Nc6 Nc3 46. Nxa5 Nxa4
47. Kf3 Kf8 48. Kf4 Nb6 49. Ke5 Nc4+ 0-1

[Event "42nd Olympiad 2016"]
[Site "Baku AZE"]
[Date "2016.09.09"]
[Round "7.27"]
[Board "3"]
[White "Hamitevici, Vladimir"]
[Black "Saeed, Ishaq"]
[Result "1-0"]
[WhiteTitle "IM"]
[BlackTitle "FM"]
[WhiteElo "2489"]
[BlackElo "2310"]
[WhiteTeam "Moldova"]
[BlackTeam "United Arab Emirates"]
[WhiteFideId "13902393"]
[BlackFideId "9301453"]
[EventDate "2016.09.02"]

1. d4 d5 2. c4 c6 3. Nf3 Nf6 4. Qb3 dxc4 5. Qxc4 Bf5 6. g3 e6 7. Bg2 Be7 8. O-O
O-O 9. e3 Nbd7 10. Rd1 h6 11. Qe2 Qb6 12. Nc3 Ne4 13. Ne1 Nxc3 14. bxc3 Bg6 15.
e4 Qa5 16. c4 Rfe8 17. Rb1 Rab8 18. Nd3 Qa6 19. Qc2 c5 20. d5 exd5 21. cxd5 Bd6
22. f3 b5 23. Bf4 Qb6 24. Qf2 Qc7 25. Bh3 c4 26. Bxd6 Qxd6 27. Qxa7 Re7 28. Nb4
Ne5 29. Qe3 Ra8 30. f4 Nf3+ 31. Qxf3 Bxe4 32. Qf2 Bxb1 33. Rxb1 Rae8 34. Bf1 Re4
35. Nc2 Rb8 36. Bg2 Ree8 37. Nb4 Ra8 38. Nc6 Qa3 39. Rd1 Qa4 40. Qd4 Qxa2 41. d6
Re2 42. Bf1 Rxh2 43. d7 Kh7 44. Ra1 Rg2+ 45. Bxg2 Qxa1+ 46. Qxa1 Rxa1+ 47. Bf1
Rd1 48. d8=Q Rxd8 49. Nxd8 Kg8 50. Nc6 c3 51. Nb4 1-0

[Event "42nd Olympiad 2016"]
[Site "Baku AZE"]
[Date "2016.09.09"]
[Round "7.27"]
[Board "4"]
[White "AlHuwar, Jasem"]
[Black "Vedmediuc, Serghei"]
[Result "0-1"]
[WhiteTitle "FM"]
[BlackTitle "IM"]
[WhiteElo "2291"]
[BlackElo "2437"]
[WhiteTeam "United Arab Emirates"]
[BlackTeam "Moldova"]
[WhiteFideId "9300465"]
[BlackFideId "13900790"]
[EventDate "2016.09.02"]

1. Nf3 g6 2. e4 Bg7 3. d4 d6 4. c3 Nc6 5. h3 Nf6 6. Bd3 O-O 7. O-O e5 8. Re1 Re8
9. d5 Ne7 10. c4 Nd7 11. Nc3 a5 12. a3 f5 13. Rb1 Nf6 14. b4 axb4 15. axb4 c6
16. dxc6 bxc6 17. Qb3 Kf8 18. c5 fxe4 19. Nxe4 Nxe4 20. Bxe4 d5 21. Bc2 e4 22.
Nh2 Nf5 23. Bb2 Nd4 24. Bxd4 Bxd4 25. Nf1 Qf6 26. Ne3 Bc3 27. Rf1 d4 28. f3 Be6
29. fxe4 Bxb3 30. Rxf6+ Kg7 31. Rxc6 dxe3 32. Bxb3 e2 33. Rc7+ Kh6 34. Kf2 Rxe4 0-1

[Event "42nd Olympiad 2016"]
[Site "Baku AZE"]
[Date "2016.09.09"]
[Round "7.28"]
[Board "1"]
[White "Nikolov, Momchil"]
[Black "Vandenbussche, Thibaut"]
[Result "1-0"]
[WhiteTitle "GM"]
[BlackTitle "IM"]
[WhiteElo "2585"]
[BlackElo "2401"]
[WhiteTeam "Bulgaria"]
[BlackTeam "Belgium"]
[WhiteFideId "2905710"]
[BlackFideId "204412"]
[EventDate "2016.09.02"]

1. d4 e6 2. c4 f5 3. g3 Nf6 4. Bg2 d5 5. Nf3 c6 6. O-O Bd6 7. b3 Qe7 8. Bb2 O-O
9. Nbd2 Nbd7 10. Ne5 Ne4 11. Ndf3 a5 12. a3 Nxe5 13. Nxe5 Bd7 14. e3 b5 15. f3
Ng5 16. a4 bxc4 17. bxc4 Rfb8 18. Qc2 Bxe5 19. dxe5 Qb4 20. Ba3 Qb3 21. Qxb3
Rxb3 22. Bc5 Rab8 23. Rfc1 dxc4 24. Rxc4 Rb1+ 25. Rc1 R1b2 26. Bd4 R2b4 27. Rc5
Rb1+ 28. Rxb1 Rxb1+ 29. Kf2 Rb4 30. h4 Nf7 31. Rxa5 g5 32. hxg5 c5 33. Rxc5 Rxa4
34. f4 Ra2+ 35. Kg1 Ba4 36. Rc8+ Kg7 37. Bd5 Bd7 38. Rc7 1-0

[Event "42nd Olympiad 2016"]
[Site "Baku AZE"]
[Date "2016.09.09"]
[Round "7.28"]
[Board "2"]
[White "Soors, Stef"]
[Black "Iotov, Valentin"]
[Result "1-0"]
[WhiteTitle "IM"]
[BlackTitle "GM"]
[WhiteElo "2398"]
[BlackElo "2518"]
[WhiteTeam "Belgium"]
[BlackTeam "Bulgaria"]
[WhiteFideId "209511"]
[BlackFideId "2906074"]
[EventDate "2016.09.02"]

1. Nf3 d5 2. g3 c6 3. Bg2 Bg4 4. O-O e6 5. d3 Nf6 6. h3 Bh5 7. Qe1 Be7 8. g4 Bg6
9. Nh4 Bc5 10. e3 Nxg4 11. Nxg6 hxg6 12. hxg4 Qh4 13. f4 Qh2+ 14. Kf2 Qxf4+ 15.
Ke2 Qxg4+ 16. Bf3 Rh2+ 17. Rf2 Qg3 18. Rxh2 Qxh2+ 19. Qf2 Qxf2+ 20. Kxf2 Nd7 21.
Nd2 f5 22. Nb3 Bb6 23. Bd2 g5 24. a4 a6 25. Be2 g4 26. Rh1 Kf7 27. Kg2 Nf6 28.
Na5 Rb8 29. b4 g5 30. Bc3 Bxe3 31. Be5 Rg8 32. Rh6 Rg6 33. Rxg6 Kxg6 34. Nxb7
Nd7 35. d4 Nxe5 36. dxe5 Bd2 37. Nd8 Bxb4 38. Nxc6 Bc3 39. Bxa6 f4 40. Bd3+ Kh5
41. a5 Be1 42. a6 f3+ 43. Kf1 Bd2 44. Kf2 d4 45. Nxd4 Ba5 46. Nc6 Bb6+ 47. Kg3 1-0

[Event "42nd Olympiad 2016"]
[Site "Baku AZE"]
[Date "2016.09.09"]
[Round "7.28"]
[Board "3"]
[White "Rusev, Krasimir"]
[Black "Capone, Nicola"]
[Result "0-1"]
[WhiteTitle "GM"]
[BlackTitle "FM"]
[WhiteElo "2548"]
[BlackElo "2373"]
[WhiteTeam "Bulgaria"]
[BlackTeam "Belgium"]
[WhiteFideId "2905434"]
[BlackFideId "224715"]
[EventDate "2016.09.02"]

1. d4 e6 2. c4 Nf6 3. Nc3 Bb4 4. e3 O-O 5. Bd3 d5 6. a3 Bxc3+ 7. bxc3 dxc4 8.
Bxc4 c5 9. Bb2 Qc7 10. Be2 b6 11. Nf3 Ba6 12. c4 Nbd7 13. Rc1 Rfd8 14. O-O Rac8
15. Re1 Bb7 16. h3 Nf8 17. Qb3 Ng6 18. Red1 cxd4 19. exd4 Qf4 20. Rc3 Ne4 21.
Re3 Nh4 22. Qb4 Nf5 23. Rb3 Bc6 24. Rbd3 Bb7 25. a4 Ba6 26. Ra3 Nfd6 27. Rc1 Rc6
28. Bd3 Rdc8 29. Re1 Bxc4 30. Bc1 Qf5 31. g4 Qd5 32. Ne5 Qxd4 33. Bxe4 Nxe4 34.
Nxc6 Qxf2+ 35. Kh1 Ng3+ 36. Rxg3 Bd5+ 37. Re4 Rxc6 38. Rg2 Bxe4 39. Qxe4 Rxc1+
40. Kh2 Qc5 0-1

[Event "42nd Olympiad 2016"]
[Site "Baku AZE"]
[Date "2016.09.09"]
[Round "7.28"]
[Board "4"]
[White "Hamblok, Roel"]
[Black "Petrov, Martin"]
[Result "0-1"]
[WhiteTitle "FM"]
[BlackTitle "IM"]
[WhiteElo "2282"]
[BlackElo "2458"]
[WhiteTeam "Belgium"]
[BlackTeam "Bulgaria"]
[WhiteFideId "209317"]
[BlackFideId "2911086"]
[EventDate "2016.09.02"]

1. d4 Nf6 2. Bg5 d5 3. e3 e6 4. Nd2 c5 5. c3 Nc6 6. Ngf3 h6 7. Bh4 Qb6 8. Rb1
Be7 9. Bd3 O-O 10. Ne5 Nd7 11. Bxe7 Nxe7 12. f4 f6 13. Nef3 cxd4 14. exd4 e5 15.
fxe5 fxe5 16. dxe5 Nxe5 17. Qe2 Nxd3+ 18. Qxd3 Bf5 19. Qd4 Bxb1 20. Nxb1 Qxb2
21. O-O Qxa2 22. Nbd2 Nc6 23. Qd3 Rae8 24. Qb5 Qa5 25. Qb3 Qc5+ 26. Kh1 Re2 27.
h3 b6 28. Rd1 Kh8 29. Rf1 Ne5 30. Qd1 Qe3 31. Nxe5 Rxf1+ 32. Qxf1 Qxe5 33. Qf8+
Kh7 34. Nf3 Qf6 35. Qa8 Qg6 36. Nh4 Qg3 0-1

[Event "42nd Olympiad 2016"]
[Site "Baku AZE"]
[Date "2016.09.09"]
[Round "7.29"]
[Board "1"]
[White "Ismael, Namir Mohammed Ismael"]
[Black "Ferreira, Jorge Viterbo"]
[Result "0-1"]
[WhiteTitle "CM"]
[BlackTitle "IM"]
[WhiteElo "2161"]
[BlackElo "2511"]
[WhiteTeam "Iraq"]
[BlackTeam "Portugal"]
[WhiteFideId "4800800"]
[BlackFideId "1910850"]
[EventDate "2016.09.02"]

1. d4 Nf6 2. Nf3 c5 3. e3 cxd4 4. exd4 d5 5. Bd3 Nc6 6. c3 Bg4 7. Nbd2 e6 8. h3
Bh5 9. O-O Bd6 10. Re1 O-O 11. b4 Qc7 12. Bb2 Rfd8 13. a3 Bh2+ 14. Kh1 Bf4 15.
g4 Bg6 16. Bxg6 hxg6 17. Qe2 Rac8 18. Rad1 Nd7 19. Nb3 Nb6 20. Nc5 Nc4 21. Nd3
Nxb2 22. Qxb2 Nb8 23. Nxf4 Qxf4 24. Rd3 Nd7 25. Qd2 Qxd2 26. Nxd2 Nb6 27. Kg2
Rc7 28. Ree3 Rdc8 29. Rg3 g5 30. Kf1 Na4 31. Nb1 f6 32. Ke2 b6 33. Kd2 Nb2 34.
Rdf3 a5 35. Kc2 Nc4 36. Kb3 axb4 37. cxb4 Ra7 38. Rd3 Rca8 39. Ka2 Ra4 40. Rb3
Kf7 41. Rgd3 Ke7 42. Nd2 Nd6 43. Kb2 R4a7 44. Re3 Kd7 45. Rbd3 Nb5 46. Nf3 Rc7
47. Re2 Rac8 48. Ne1 Rc4 49. Red2 Rc1 50. Rd1 R1c7 51. R1d2 Nd6 52. Rc2 Ne4 53.
Re2 Rc1 54. Nc2 Rf1 55. Rde3 Nxf2 56. Rxe6 Nd3+ 0-1

[Event "42nd Olympiad 2016"]
[Site "Baku AZE"]
[Date "2016.09.09"]
[Round "7.29"]
[Board "2"]
[White "Galego, Luis"]
[Black "Salih, Akar Ali Salih"]
[Result "1-0"]
[WhiteTitle "GM"]
[BlackTitle "FM"]
[WhiteElo "2458"]
[BlackElo "2302"]
[WhiteTeam "Portugal"]
[BlackTeam "Iraq"]
[WhiteFideId "1900072"]
[BlackFideId "4800575"]
[EventDate "2016.09.02"]

1. e4 g6 2. d4 Bg7 3. Nc3 d6 4. Be3 c6 5. Qd2 b5 6. f3 Nd7 7. h4 h5 8. a4 b4 9.
Nd1 a5 10. Nh3 Ngf6 11. Ndf2 e5 12. dxe5 dxe5 13. Qd6 Ba6 14. O-O-O Bxf1 15.
Rhxf1 Qe7 16. Ng5 Qxd6 17. Rxd6 Rc8 18. Rfd1 Bf8 19. R6d2 Bc5 20. Bxc5 Nxc5 21.
b3 Nfd7 22. g3 Ke7 23. f4 f6 24. Nf3 Rhd8 25. Re1 Rf8 26. Kb2 Rc7 27. Re3 Rb7
28. Kc1 Rf7 29. Kd1 Rf8 30. Ke1 Rbb8 31. Kf1 Rbd8 32. Kg2 Ne6 33. Nd3 exf4 34.
gxf4 g5 35. hxg5 fxg5 36. f5 Nf4+ 37. Nxf4 gxf4 38. Red3 Rg8+ 39. Kf1 Nc5 40.
f6+ 1-0

[Event "42nd Olympiad 2016"]
[Site "Baku AZE"]
[Date "2016.09.09"]
[Round "7.29"]
[Board "3"]
[White "Al-Saffar, Araz Basim Mohammed S"]
[Black "Fernandes, Antonio"]
[Result "0-1"]
[WhiteTitle "IM"]
[BlackTitle "GM"]
[WhiteElo "2361"]
[BlackElo "2413"]
[WhiteTeam "Iraq"]
[BlackTeam "Portugal"]
[WhiteFideId "4801040"]
[BlackFideId "1900021"]
[EventDate "2016.09.02"]

1. d4 Nf6 2. Nf3 g6 3. c4 Bg7 4. Nc3 d5 5. e3 O-O 6. Be2 c5 7. dxc5 Qa5 8. cxd5
Nxd5 9. Qxd5 Bxc3+ 10. Bd2 Rd8 11. Qxd8+ Qxd8 12. Bxc3 Qc7 13. b4 b6 14. O-O Nd7
15. Rac1 bxc5 16. Bd4 Bb7 17. Rfd1 Rc8 18. Bb5 Bc6 19. Bxc6 Qxc6 20. bxc5 f6 21.
e4 Nf8 22. e5 f5 23. Be3 Ne6 24. Nd4 Qa6 25. Nxe6 Qxe6 26. Rd2 Kf7 27. f4 Rc6
28. Rb1 Qc8 29. Rb3 Ra6 30. Rc3 Qc6 31. Rdc2 Ke6 32. Kf2 h6 33. Bc1 Ra5 34. Bd2
Rb5 35. Be3 Rb4 36. Rc4 Rb1 37. Bc1 a5 38. Bb2 g5 39. R4c3 g4 40. Bc1 Kf7 41.
e6+ Kxe6 42. Re3+ Kf7 43. Kg3 h5 44. Rce2 h4+ 45. Kf2 Rxc1 46. Rxe7+ Kf6 0-1

[Event "42nd Olympiad 2016"]
[Site "Baku AZE"]
[Date "2016.09.09"]
[Round "7.29"]
[Board "4"]
[White "Sousa, Andre Ventura"]
[Black "Abdulwahhab, Ahmed Abdulsattar A"]
[Result "1-0"]
[WhiteTitle "FM"]
[BlackTitle "FM"]
[WhiteElo "2379"]
[BlackElo "2236"]
[WhiteTeam "Portugal"]
[BlackTeam "Iraq"]
[WhiteFideId "1917617"]
[BlackFideId "4801849"]
[EventDate "2016.09.02"]

1. e4 c5 2. Nf3 e6 3. d4 cxd4 4. Nxd4 a6 5. c4 Nf6 6. Nc3 Qc7 7. a3 Nc6 8. Be3
Ne5 9. Be2 Ng6 10. g3 b6 11. Nb3 h5 12. Qd4 Rb8 13. Bg5 h4 14. O-O-O Bb7 15. Kb1
Bc6 16. Ka2 hxg3 17. hxg3 Rxh1 18. Rxh1 b5 19. c5 a5 20. Bf3 a4 21. Nc1 Bxc5 22.
Qd1 b4 23. axb4 Bxb4 24. N1e2 Qb7 25. Qc2 a3 26. b3 Rc8 27. Bxf6 gxf6 28. Rc1
Ne5 29. Bh5 Bb5 30. Qd2 Qa6 31. Nxb5 Bxd2 32. Rxc8+ Qxc8 33. Nd6+ Kd8 34. Nxc8
Kxc8 35. Kxa3 Ng6 36. f3 Kc7 37. Kb2 Kc6 38. Kc2 Be1 39. Kd3 Kc5 40. g4 e5 41.
Bxg6 fxg6 42. Nc3 Bh4 43. Nd5 f5 44. b4+ Kc6 45. Kc4 fxe4 46. fxe4 Bg5 47. Kb3
Kb5 48. Nc3+ Kc6 49. Ka4 Bd2 50. Nd5 g5 51. Ka5 Be1 52. Ne7+ Kd6 53. Nf5+ Kc6
54. Ka4 Bd2 55. Kb3 Kb5 56. Nd6+ Kc6 57. Nf7 d5 58. Nxe5+ Kb5 59. exd5 Bxb4 60.
Nf7 Ba5 61. d6 Kc6 62. Kc4 Bd2 63. Kd4 Bf4 64. Ke4 Bc1 65. Ke5 Kd7 66. Kd5 Bd2
67. Ne5+ Ke8 68. Ke4 1-0